000 00300nam a2200133Ia 4500
008 220216s9999 xx 000 0 und d
100 _aLangton H N
245 0 _aRubber in astronautics
260 _bPlanter
_c1958
300 _a581-587
650 _aAstronautics
650 _aRubber
942 _cJS
999 _c67656
_d67656